فهرست القصة القصيره في الأردن 1968-1988 / (رقم التسجيلة. 28001)
[ عرض عادي ]
| 000 -LEADER | |
|---|---|
| fixed length control field | 00609nam a22001817a 4500 |
| 005 - DATE AND TIME OF LATEST TRANSACTION | |
| control field | 20251108165435.0 |
| 008 - FIXED-LENGTH DATA ELEMENTS--GENERAL INFORMATION | |
| fixed length control field | 250721s9999 xx 000 0 ara d |
| 082 14 - DEWEY DECIMAL CLASSIFICATION NUMBER | |
| Classification number | م/016.813565/خ |
| 100 1# - MAIN ENTRY--PERSONAL NAME | |
| Personal name | الخريشة، خلف |
| Relator term | مؤلف |
| 245 10 - TITLE STATEMENT | |
| Title | فهرست القصة القصيره في الأردن 1968-1988 / |
| 264 1# - PRODUCTION, PUBLICATION, DISTRIBUTION, MANUFACTURE, AND COPYRIGHT NOTICE | |
| Place of production, publication, distribution, manufacture | عمان : |
| Name of producer, publisher, distributor, manufacturer | عمادة البحث العلمي والدراسات العليا-جامعة اليرموك، |
| Date of production, publication, distribution, manufacture, or copyright notice | [19 - ]. |
| 300 ## - PHYSICAL DESCRIPTION | |
| Extent | 410ص. |
| 650 17 - SUBJECT ADDED ENTRY--TOPICAL TERM | |
| Topical term or geographic name as entry element | القصص العربية |
| 650 17 - SUBJECT ADDED ENTRY--TOPICAL TERM | |
| Topical term or geographic name as entry element | الأردن |
| 650 17 - SUBJECT ADDED ENTRY--TOPICAL TERM | |
| Topical term or geographic name as entry element | الفهارس |
| 942 ## - ADDED ENTRY ELEMENTS (KOHA) | |
| Source of classification or shelving scheme | Dewey Decimal Classification |
| Koha item type | مراجع |
| حالة السحب | حالة الفقدان | مصدر التصنيف | حالة التلف | غير قابل للإعارة | المكتبة الرئيسية | المكتبة الحالية | موقع الرف | تاريخ التزويد | الرقم المتسلسل | Total Checkouts | رقم الإستدعاء | الباركود | تاريخ آخر ظهور | تاريخ الفاتورة | نوع المادة (كوها) |
|---|---|---|---|---|---|---|---|---|---|---|---|---|---|---|---|
| Dewey Decimal Classification | Not For Loan | المكتبة المركزية | المكتبة المركزية | مراجع | 06/07/2004 | 162180 | م/016.813565/خ | 162180 | 28/07/2025 | 06/07/2004 | مراجع | ||||
| Dewey Decimal Classification | Not For Loan | مكتبة تاريخ الأردن | مكتبة تاريخ الأردن | لا يعار | 11/11/2009 | 1335299 | م/016.813565/خ | PLD00118857 | 28/07/2025 | 11/11/2009 | مراجع | ||||
| Dewey Decimal Classification | Not For Loan | مكتبة تاريخ الأردن | مكتبة تاريخ الأردن | مراجع | 01/08/2011 | 1483150 | م/016.813565/خ | PLD00217924 | 28/07/2025 | 01/08/2011 | مراجع |